000 00612nam a2200193Ia 4500
003 GCL
008 140319s9999 xx 000 0 ara d
040 _aGCL /
_cGCL
082 0 4 _a502
_bع ع
100 1 _aعبداللطيف ابوالسعود
245 1 0 _aالوان من الطاقة الذرية /
_cعبداللطيف ابوالسعود
260 _a[S.N] :
_bالهيئة المصرية العامة للكتاب ،
_c1992
490 _aالعلم والحياة
_v0
650 0 4 _aالفيزياء
650 0 4 _aالطاقة
650 0 4 _aالذرة
650 0 4 _aالاراضى
942 _2ddc
_cBK
999 _c32000
_d32000